000 00640nam a2200229Ia 4500
003 OSt
005 20220918180719.0
006 a|||||r|||| 00| 0
007 ta
008 220917b |||||||| |||| 00| 0 eng d
024 _a23,664
037 _cTextual
040 _aARTS
_cARTS
_beng
041 _2eng
_aeng
082 _aO111:gx, K01 (EO)
100 _aHolloway John
_912495
245 0 _aCharted mirror
_b litrary and critical essays
260 _aLondon
_bRoutledge and Kegan Paul
_c1960
650 _aENGLISH LITERATURE
942 _hO111:gx, K01 (EO)
_cTEXL
_2CC
999 _c162713
_d162713